| 000 | 00965nam a2200289Ia 4500 | ||
|---|---|---|---|
| 003 | OSt | ||
| 005 | 20221007122035.0 | ||
| 006 | a|||||r|||| 00| 0 | ||
| 007 | ta | ||
| 008 | 221006b |||||||| |||| 00| 0 eng d | ||
| 020 |
_a1402037015 (hbd) _cRs.5227.86 |
||
| 024 | _a76751 | ||
| 037 |
_b198/06-07, 07/03/2007, N R Book Distributors _cTextual |
||
| 040 |
_aBDL _cBDL _beng |
||
| 041 |
_2eng _aeng |
||
| 082 | _aI5:438, P5 Carb | ||
| 100 |
_aSmith C Michael _9413125 |
||
| 245 | 0 | _aPlant resistance to arthropods: molecular and conventional approaches | |
| 260 |
_aThe _bNetherlands Springer _c2005 |
||
| 300 |
_a423p. _ccm. |
||
| 500 | _aIncludes bibliographical references; Index 413-423p | ||
| 650 |
_a Arthropods _9713346 |
||
| 650 |
_a Plant resistance _9713347 |
||
| 650 | _aBotany | ||
| 942 |
_hI5:438, P5 Carb _cTEXL _2CC |
||
| 999 |
_c1209707 _d1209707 |
||